Statistics for Biblical People Whose Names Begin with K or L

Click here to take the quiz!

General Stats

  • This quiz has been taken 359 times
  • The average score is 6 of 10

Answer Stats

HintAnswer% Correct
The first man resurrectedLazarus
90%
Jacob's first wifeLeah
90%
Nephew of AbrahamLot
85%
One of the Four EvangelistsLuke
82%
Son of JacobLevi
70%
Father of RachelLaban
62%
Father of NoahLamech
38%
Sarah's successorKeturah
32%
Rebelled against Moses along with Abiram and DathanKorah
30%
Second daughter of JobKezia
22%

Score Distribution

Percentile by Number Answered

Percent of People with Each Score

Your Score History

You have not taken this quiz